Cultura y regiones de Europa : a partir del Proyecto Cultura y Región del Consejo de Europa / Michel Bassand a partir del Proyecto Cultura y Región del Consejo de Europa / Michel Bassand
Descripción Física:
287 p. ; 24 cm
Colección:
Materials de política cultural ; 1
MARC
| LEADER | 00000nam a2200000Ia 4500 | ||
|---|---|---|---|
| 001 | 9777 | ||
| 008 | 160829s1992 xx 000 0 cat d | ||
| 080 | |a M-3-17 | ||
| 100 | |a Bassand, Michel |9 114 | ||
| 245 | |a Cultura y regiones de Europa : |b a partir del Proyecto Cultura y Región del Consejo de Europa / Michel Bassand | ||
| 260 | |a Barcelona : |b Oikos - Tau : |b Diputació de Barcelona, |c 1992 | ||
| 300 | |a 287 p. ; |c 24 cm | ||
| 490 | |a Materials de política cultural ; 1 | ||
| 650 | |a Cultura europea |9 47920 | ||
| 651 | 0 | |a Europa |x Política cultural |9 54186 | |
| 901 | |a Arxiu | ||
| 942 | |n 1 | ||
| 952 | |0 0 |1 0 |4 0 |6 M317 |7 1 |9 54203 |a Arxiu |b Arxiu |d 2016-12-01 |l 0 |o M-3-17 |p 9777 |r 2016-12-01 00:00:00 |w 2016-12-01 |y ARXIU | ||
| 999 | |c 58072 |d 58072 | ||